000 00794nam a22002537a 4500
001 BR8006195
003 BR-BrBNA
005 20230928090758.0
007 ta
008 230509b bl.||||| |||| 00| 0 por d
040 _aBR-BrBNA
_bpor
_cBiblioteca Nacional de Agricultura
041 _a(Por)
072 _aE70
_b/G514
090 _ E70 BR8006195
110 1 _aSecretaria da Agricultura do Estado de Sao Paulo, Sao Paulo (Brasil). Depto. de Cooperativismo
_98240
245 1 _aAlguns esclarecimentos com relacao ao arquivamento de documentos na junta comercial de Sao Paulo [Brasil]
250 1 _a2. ed.
260 3 _aSao Paulo, SP (Brasil):
_c1980.
300 _a19 p.
650 _aPOLITICA COMERCIAL
650 _aSAO PAULO
909 _a202309
_bLucia
_c55
_dLucia Elande
942 _cBK
999 _c30490
_d30490